000 01134cam a22002771i 4500
003 SA-RiAUC
005 20250713105808.0
008 250710s1983 ua f b 00000 ara c
040 _aSA-RiAUC
_bara
_cSA-RiAUC
_erda
043 _aa-su---
082 0 4 _a251.09531
_qSA-RiAUC
090 _a251.09531
_bع ب د
100 1 _aعبد السلام، جعفر،
_d1941-
_eمؤلف.
245 1 0 _aمقدمة في أصول التشريع في المملكة العربية السعودية /
_cجعفر عبد السلام، عماد الدين الشربيني.
250 _aالطبعة الأولى.
264 1 _aالقاهرة :
_bدار الكتاب الجامعي،
_c1983
300 _a215 صفحة ؛
_c24 سم
336 _aنص
_btxt
_2rdacontent
_3كتاب
337 _aبدون وسيط
_bn
_2rdamedia
338 _aمجلد
_bnc
_2rdacarrier
504 _aيشتمل على إرجاعات ببليوجرافية.
650 7 _aالشريعة الإسلامية
_zالسعودية
_2aucsh
700 1 _aالشربيني، عماد الدين
_eمؤلف.
942 _2ddc
_cBOOK
_n0
949 _aSA-JeALM
_d250710
_uosman123
_n1
999 _c9863
_d9863